logo

Bir Sreshtho Munshi Abdur Rouf Library
Jhenaidah Cadet College

A study of history / (Record no. 7044)

MARC details
000 -LEADER
fixed length control field 00766cam a22002651 4500
001 - CONTROL NUMBER
JCCL Control Number 7044
003 - CONTROL NUMBER IDENTIFIER
JCCL marc code BD-JhCC
005 - DATE AND TIME OF LATEST TRANSACTION
control field 20190219134007.0
008 - FIXED-LENGTH DATA ELEMENTS--GENERAL INFORMATION
fixed length control field 730529r1954 nyu 000 0 eng
035 ## - SYSTEM CONTROL NUMBER
system control number (BD-JhCC)7044
040 ## - CATALOGING SOURCE
Original cataloging agency DLC
Transcribing agency DLC
Modifying agency DLC
-- OCoLC
041 ## - LANGUAGE CODE
Language code of Book eng
050 00 - LIBRARY OF CONGRESS CALL NUMBER
Classification number CB63
Item number .T642
082 00 - DEWEY DECIMAL CLASSIFICATION NUMBER
Classification number 909
Author mark and Year TOY 1954
100 1# - MAIN ENTRY--PERSONAL NAME
Personal name Toynbee, Arnold J,
245 02 - TITLE STATEMENT
Title A study of history /
Statement of responsibility, etc Toynbee, Arnold J,
250 ## - EDITION STATEMENT
Edition statement [First American ed.]
260 ## - PUBLICATION, DISTRIBUTION, ETC. (IMPRINT)
Place of publication, distribution, etc New York,
Name of publisher, distributor, etc Oxford University Press,
Date of publication, distribution, etc 1954.
300 ## - PHYSICAL DESCRIPTION
Pagination 771 p. :
Other physical details tables (1 fold.)
Dimensions 23 cm.
500 ## - GENERAL NOTE
General note "Issued under the auspices of the Royal Institute of International Affairs."
650 #0 - SUBJECT ADDED ENTRY--TOPICAL TERM
Topical term or geographic name as entry element Civilization.
650 #0 - SUBJECT ADDED ENTRY--TOPICAL TERM
Topical term or geographic name as entry element History
General subdivision Philosophy.
942 ## - ADDED ENTRY ELEMENTS (KOHA)
Source of classification or shelving scheme Dewey Decimal Classification
Koha item type Books
Koha issues (borrowed), all copies 1
Holdings
Source of classification or shelving scheme Damaged status Not for loan Home library Current library Shelving location Date of accession Total Checkouts Full call number Barcode Date last seen Copy number Koha item type volume number Date checked out
Dewey Decimal Classification     JCC Rouf Library JCC Rouf Library General Stacks 02/03/2018   909 TOY 1954 9530 02/04/2018 C-1 Books    
Dewey Decimal Classification     JCC Rouf Library JCC Rouf Library General Stacks 02/08/2018 1 909 TOY 1954 9738 04/24/2019 C-2 Books V-2 02/19/2019

JCC Library | Contacts | JCC Home

Last Update on 23 September 2017
Copyright @ 2017-2020 JCC Rouf Library
Rouf Library, Jhenidah Cadet College (JCC), Bangladesh